Platenie dane na rok 2014
Daňová povinnosť k dani z nehnuteľnosti vzniká 1. januára zdaňovacieho obdobia nasledujúceho po zdaňovaciom období, v ktorom sa daňovníik stal vlastníkom, správcom, nájomcom alebo užívateľom takej nehnuteľnosti, ktorá je predmetom dane a zaniká 31. decembra zdaňovacieho obdobia, v ktorom daňovníkovi...
Salvato in:
| Autore principale: | |
|---|---|
| Natura: | Capitolo di libro |
| Lingua: | slovacco |
| Soggetti: | |
| Tags: |
Nessun Tag, puoi essere il primo ad aggiungerne!!
|
MARC
| LEADER | 00000naa a2200000 4500 | ||
|---|---|---|---|
| 001 | 0184917 | ||
| 005 | 20231120130017.0 | ||
| 041 | 0 | |a slo | |
| 044 | |a SK | ||
| 245 | 1 | 0 | |a Platenie dane na rok 2014 |c Irena Bubeníková |
| 520 | |a Daňová povinnosť k dani z nehnuteľnosti vzniká 1. januára zdaňovacieho obdobia nasledujúceho po zdaňovaciom období, v ktorom sa daňovníik stal vlastníkom, správcom, nájomcom alebo užívateľom takej nehnuteľnosti, ktorá je predmetom dane a zaniká 31. decembra zdaňovacieho obdobia, v ktorom daňovníkovi zanikne vlastníctvo, správa, nájom alebo užívanie nehnuteľnosti. | ||
| 610 | 2 | 0 | |a dane z nehnuteľností |
| 610 | 2 | 0 | |a Slovensko |
| 610 | 2 | 0 | |a zákony |
| 610 | 2 | 0 | |a daňovníci |
| 100 | 1 | |a Bubeníková, Irena | |